Online Catalogue and eLibrary

Feminist Thought : (Record no. 42)

MARC details
000 -LEADER
fixed length control field 00519nam a22001817a 4500
005 - DATE AND TIME OF LATEST TRANSACTION
control field 20231120044451.0
008 - FIXED-LENGTH DATA ELEMENTS--GENERAL INFORMATION
fixed length control field 231120b |||||||| |||| 00| 0 eng d
020 ## - INTERNATIONAL STANDARD BOOK NUMBER
ISBN 0415078741
082 ## - DDC Classification
DDC Edition Number 22
Class No. 305.401
Item Number - Author Mark ROS
100 ## - MAIN ENTRY--PERSONAL NAME
Personal name Tong, Rosemarie.
245 ## - TITLE STATEMENT
Title Feminist Thought :
Remainder of title A Comprehensive Introduction /
Statement of responsibility, etc. Rosemarie, Tong.
260 ## - PUBLICATION, DISTRIBUTION, ETC.
Place of publication, distribution, etc. United Kingdom :
Name of publisher, distributor, etc. Westview press, Inc,
Date of publication, distribution, etc. 1989.
300 ## - PHYSICAL DESCRIPTION
Extent (e.g. Volumes, Pages etc.) xi, 305 p,:
650 ## - SUBJECT ADDED ENTRY--TOPICAL TERM
Topical term or geographic name entry element Feminist theory.
650 ## - SUBJECT ADDED ENTRY--TOPICAL TERM
Topical term or geographic name entry element Women
650 ## - SUBJECT ADDED ENTRY--TOPICAL TERM
Topical term or geographic name entry element Varieties of Feminist Thinking
942 ## - Koha item type (Biblio)
Koha item type Books in Stacks (Lending)
Holdings
Lost status Damaged status Collection code Home library Current library Date acquired Full call number Accession Number Item type
    Lending WERC Library WERC Library 11/20/2023 305.401 ROS 3608 Books in Stacks (Lending)

© WERC Library